The Global competitiveness report 2015 - 2016.
| Format: | Book |
|---|---|
| Published: |
Geneva:
World Economic Forum,
2015.
|
| Subjects: |
| LEADER | 00536cam a2200157 7i4500 | ||
|---|---|---|---|
| 001 | 0000033162 | ||
| 005 | 20160129090000.0 | ||
| 020 | 0 | 0 | |a 9789295044999 |
| 090 | 0 | 0 | |a I 338.60480727 |b GLO |
| 245 | 0 | 4 | |a The Global competitiveness report 2015 - 2016. |
| 260 | 0 | 0 | |a Geneva: |b World Economic Forum, |c 2015. |
| 300 | # | # | |a 384 pages. |
| 650 | 0 | 0 | |a International trade -- |x Statistics |
| 650 | 0 | 0 | |a Economic development -- |x Statistics |
| 650 | 0 | 0 | |a Competition, International -- |x Statistics |
| 999 | |a 0000037339 |b Book |c International |e Business Information Centre | ||


